| 000 | 00951cam a2200241 i 4500 | ||
|---|---|---|---|
| 001 | 375239 | ||
| 005 | 20250118152813.0 | ||
| 008 | 780621s1979 iluah b 000 0ceng | ||
| 020 | _a0809308894 | ||
| 050 | 0 | 0 |
_aR703 _b.O23 |
| 082 | 0 | 0 | _a809 |
| 100 | 1 | _aOber, William B. | |
| 245 | 1 | 0 |
_aBoswell's clap and other essays : _bmedical analyses of literary men's afflictions / _cby William B. Ober. |
| 260 |
_aCarbondale : _bSouthern Illinois University Press, _cc1979. |
||
| 300 |
_axiv, 291 p. : _bill., facsims. (on lining papers) ; _c25 cm. |
||
| 650 | 0 |
_aMedicine _xCase studies. |
|
| 650 | 0 |
_aAuthors _xHealth and hygiene _xCase studies. |
|
| 650 | 0 |
_aAuthors _xBiography. |
|
| 650 | 0 | _aLiterature and medicine. | |
| 856 | 4 | 2 |
_3Contributor biographical information _uhttp://www.loc.gov/catdir/enhancements/fy0801/78016018-b.html |
| 856 | 4 | 2 |
_3Publisher description _uhttp://www.loc.gov/catdir/enhancements/fy0801/78016018-d.html |
| 942 |
_2lcc _cBK _n0 |
||
| 999 |
_c2679 _d2679 |
||